Insurance regulation and supervision in Latin America <a> comparative assessment
Na minha lista:
| Formato: | Livro |
|---|---|
| Idioma: | inglês |
| Publicado em: |
Paris
OECD
2003
|
| Colecção: | Emerging transition economies
|
| Assuntos: | |
| Tags: |
Sem tags, seja o primeiro a adicionar uma tag!
|
MARC
| LEADER | 00000nam a2200000 4500 | ||
|---|---|---|---|
| 001 | 0018820 | ||
| 005 | 20240315120806.6 | ||
| 020 | |a 92-64-10445-3 | ||
| 041 | 0 | |a eng | |
| 044 | |a FR | ||
| 245 | 1 | 0 | |a Insurance regulation and supervision in Latin America |b <a> comparative assessment |
| 264 | 1 | |a Paris |b OECD |c 2003 | |
| 300 | |a 122 s. | ||
| 490 | 1 | |a Emerging transition economies | |
| 830 | 0 | |a Emerging transition economies | |
| 610 | 2 | 0 | |a poisťovníctvo |
| 610 | 2 | 0 | |a poisťovne |
| 610 | 2 | 0 | |a poistenie |
| 610 | 2 | 0 | |a licencie |
| 610 | 2 | 0 | |a kontrola vnútorná |
| 610 | 2 | 0 | |a správa podniku |
| 610 | 2 | 0 | |a regulácia |
| 610 | 2 | 0 | |a poistenie rizikové |
| 610 | 2 | 0 | |a Latinská Amerika |
| 610 | 2 | 0 | |a OECD |
| 610 | 2 | 0 | |a svet |